03034nab a2200301 i 4500003000900000005001700009008004100026040001800067072000800085100003000093100002900123100003100152100002500183100002800208100003400236245007200270500006700342520194100409650001302350650002302363650001002386650002102396650003402417773017602451856007802627942000802705999001902713BR-BrBNA20251224162550.0251224b2024 bl.ar|pooa||| 00| 0 eng | aBR-BrBNAbeng aF70 aAbreu, Maria Carolina de  aOliveira, Ykaro Richard  aSantos, Juliana Silva dos  aCarvalho, Reginaldo  aSilva, Marcos José da aSales, Margareth Ferreira de  aTaxonomic study of Oxalis section Thamnoxys (Oxalidaceae) in Brazil aPublicação on-line; 14 ref.; 12 illus.; Summaries (En, Pt) a Abstract Oxalis comprises ca. 500 species and has a tropical and subtropical distribution. This genus contains four subgenera and Oxalis subg. Thamnoxys is the most diverse in Brazil. This subgenus has 9 sections, of which section Thamnoxys is the most diverse with 28 species. This work is based on a taxonomic study of Oxalis section Thamnoxys in Brazil and includes descriptions, illustrations, and notes for the recorded species. The following species were recorded: Oxalis barrelieri, O. cerradoana, O. clausenii, O. cratensis, O. cytisoides, O. diamantinae, O. divaricata, O. frutescens, O. hedysarifolia, O. hyalotricha, O. jacobinensis, O. mucronulata, O. nigrescens, O. pilulifera, O. pyrenea, O. renifolia, O. sellowii, O. sepium, and O. suborbiculata. These species are mostly distributed in rainforest and seasonal semi-deciduous forest. Key words: distribution, dry forest, morphology, neotropical flora, South America. Resumo Oxalis possui cerca de 500 espécies com distribuição tropical e subtropical. Esse gênero engloba quatro subgêneros, sendo Oxalis subg. Thamnoxys o mais diverso do Brasil. Esse subgênero possui 9 seções, sendo Thamnoxys o mais diverso, com 28 espécies. É apresentado aqui o estudo taxonômico de Oxalis sect. Thamnoxys para o Brasil, incluindo descrições, ilustrações e notas sobre as espécies registradas. As seguintes espécies foram registradas: Oxalis barrelieri, O. cerradoana, O. clausenii, O. cratensis, O. cytisoides, O. diamantinae, O. divaricata, O. frutescens, O. hedysarifolia, O. hyalotricha, O. jacobinensis, O. mucronulata, O. nigrescens, O. pilulifera, O. pyrenea, O. renifolia, O. sellowii, O. sepium e O. suborbiculata. Essas espécies estão distribuídas principalmente na floresta tropical e na floresta estacional semidecídua. Palavras-chave: distribuição, florestas secas, morfologia, Flora neotropical, América do Sul. aFLORESTA aMORFOLOGIA VEGETAL aFLORA aAMÉRICA DO SUL aDISTRIBUIÇÃO GEOGRÁFICA0 07099359346dRio de Janeiro-RJ Jardim Botanico do Rio de Janeiro 1935o2025-7320tRodriguésia (Brazil)x0370-6583; 2175-7860 on-linegv. 75 p. 1-26; (2024)wBR2025004528 uhttps://www.scielo.br/j/rod/a/VZGYMxgcwHK6LQdmNMjRhhb/?format=pdf&lang=en cANA c339577d339577